000 00461nam a2200205Ia 4500
001 13453
003 GE_BSU
008 181216s||||||||xx |||||||||||||| ||und||
020 _a0340832908
040 _cGE_BSU
080 _a821.111-32
100 _aGarre,Le John.
245 _aAbsolute Frieds.
260 _aLondon.
260 _bCoronet Books, Hodder & Stoughton.
260 _c2003
300 _a383p;19cm.
653 _aAbsolute Frieds.
942 _cBK
999 _c46613
_d46613